| 000 | 01545cam a2200337 i 4500 | ||
|---|---|---|---|
| 999 |
_c1744 _d1744 |
||
| 001 | (Sirsi) a1097125 | ||
| 003 | OSt | ||
| 005 | 20230125140517.0 | ||
| 008 | 190412s2015 nyua c 000 1 eng d | ||
| 020 |
_a9780316365154 _q(hardback) : |
||
| 040 |
_aDLC _beng _cDLC _erda _dDLC _dKH8 _dTAE |
||
| 042 | _anbic | ||
| 082 | 0 | _a823.914 COW | |
| 100 | 1 |
_aCowell, Cressida, _eauthor, _eillustrator. |
|
| 245 | 1 | 0 |
_aHow to fight a dragon's fury : _bthe heroic misadventures of Hiccup the Viking / _cas told to Cressida Cowell. |
| 246 | 3 | 0 | _aThe heroic misadventures of Hiccup the Viking. |
| 250 | _aFirst U.S. edition. | ||
| 264 | 1 |
_aNew York ; _aBoston : _bLittle, Brown and Company, _c2015. |
|
| 300 |
_a472 pages : _billustrations ; _c20 cm. |
||
| 336 |
_atext _btxt _2rdacontent. |
||
| 337 |
_aunmediated _bn _2rdamedia. |
||
| 338 |
_avolume _bnc _2rdacarrier. |
||
| 490 | 0 |
_aHow to train your dragon ; _vbook 12. |
|
| 500 | _a"Originally published in Great Britain in 2015 by Hodder Children's Books." | ||
| 520 |
_a"The Doomsday of Yule has arrived, and the future of dragonkind lies in the hands of one boy with nothing to show, but everything to fight for. Hiccup's quest is clear... But can he end the rebellion? Can he prove himself to be king? Can he save the dragons? The stakes have never been higher, as the very fate of the Viking world hangs in the balance!"-- _cProvided by publisher. |
||
| 521 | 1 | _aAges 9-12. | |
| 650 | 1 |
_aVikings _vFiction. |
|
| 650 | 1 |
_aDragons _vFiction. |
|
| 650 | 1 | _aHumorous stories. | |
| 942 |
_2ddc _cNFIC |
||